000 00485nam a2200097Ia 4500
008 170517s9999 xx 000 0 und d
245 _aMcLibel
300 _aMcLibel is the story of two ordinary people who humiliated McDonald's in the biggest corporate PR disaster in history. McDonald's loved using the UK libel laws to suppress criticism. Major media organizations like the BBC and The Guardian crumbled...
650 _xTechnology.
856 _uhttp://topdocumentaryfilms.com/mclibel/
999 _c335058
_d335058